Самый популярный вид спорта в каждой стране мира - Statistics

General Stats
  • This quiz has been taken 124 times
  • The average score is 168 of 196
Answer Stats
Страна Вид спорта % Correct
Австрия | Азербайджан | Албания | +145 others Футбол
97%
Канада | Латвия | Словакия | Финляндия Хоккей
88%
Китай | Литва | Сейшельские острова | +2 others Баскетбол
87%
Антигуа и Барбуда | Афганистан | Бангладеш | +11 others Крикет
59%
Багамские острова | Соединённые Штаты Америки Американский футбол
51%
Мадагаскар | Новая Зеландия | Самоа | +2 others Союз регби
51%
Папуа-Новая Гвинея Лига регби
51%
Венесуэла | Доминиканская Республика | Куба | +6 others Бейсбол
33%
Монако Автоспорт
27%
Монголия Борьба
24%
Бутан Стрельба из лука
12%
Австралия | Науру Австралийский футбол
9%
Федеративные Штаты Микронезии | Ямайка Атлетика
8%
Ирландия Гэльский футбол
5%
No matching quizzes found
Score Distribution
Percent of People with Each Score
Percentile by Number Answered
Your Score History
You have not taken this quiz